000 00624nam a2200217Ia 4500
008 191119s9999 xx 000 0 und d
020 _a978-971-23-8671-8
050 _aFIL Q 175.5
050 _b.S48 2018
100 _aSerafica, Janice Patria Javier.
245 0 _aScience, technology, and society /
245 0 _cJanice Patria Javier Serafica… [et al].
260 _aPhilippines :
260 _bRex Bookstore,
260 _c2018
300 _a184 pages :
300 _billustrations ;
300 _c25 cm.
500 _aIncludes bibliographic references and index.
650 _aScience -- Social aspects.
999 _c363099
_d363099